Zmizí další bílé místo naší statistiky?
Problematika zdravotne postihnutých v štatistike Českej republiky. Súčasný stav štatistických informácií. Vyrovnanie sa s problémom v iných krajinách - Belgicko, Estónsko, Francúzsko, Kanada, Maďarsko, Holandsko, Nórsko, Poľsko, SRN, Španielsko, Švédsko. Ako postupovať s vývojom štatistiky zdravotne...
Uložené v:
| Hlavný autor: | |
|---|---|
| Médium: | Kapitola |
| Jazyk: | Czech |
| Predmet: | |
| Tagy: |
Žiadne tagy, Buďte prvý, kto otaguje tento záznam!
|
MARC
| LEADER | 00000naa$a2200000$$$4500 | ||
|---|---|---|---|
| 001 | 0026643 | ||
| 005 | 20231013081307.9 | ||
| 041 | 0 | |a cze | |
| 044 | |a CZ | ||
| 245 | 1 | 0 | |a Zmizí další bílé místo naší statistiky? |c Jaroslav Novák |
| 520 | |a Problematika zdravotne postihnutých v štatistike Českej republiky. Súčasný stav štatistických informácií. Vyrovnanie sa s problémom v iných krajinách - Belgicko, Estónsko, Francúzsko, Kanada, Maďarsko, Holandsko, Nórsko, Poľsko, SRN, Španielsko, Švédsko. Ako postupovať s vývojom štatistiky zdravotne postihnutých v Čechách. | ||
| 610 | 2 | 0 | |a invalidi |
| 610 | 2 | 0 | |a osoby so zníženou pracovnou schopnosťou |
| 610 | 2 | 0 | |a štatistika |
| 610 | 2 | 0 | |a Česko |
| 610 | 2 | 0 | |a Európa |
| 610 | 2 | 0 | |a Kanada |
| 100 | 1 | |a Novák, Jaroslav | |